[Event "III Festival Terre degli Elimi A"]
[Site "Erice ITA"]
[Date "2012.07.27"]
[Round "3"]
[White "Gangemi, Salvatore"]
[Black "Cannella, Carlo"]
[WhiteElo "2048"]
[BlackElo "1950"]
[Result "1-0"]
[PlyCount "81"]
[EventDate "2012.07.25"]

1. c4 e5 2. g3 Nf6 3. Bg2 Nc6 4. Nc3 Bc5 5. e3 a5 6. a3 d6 7. Nge2 Be6 8. d4
exd4 9. exd4 Nxd4 10. Nxd4 Bg4 11. Nf3 O-O 12. O-O c6 13. Qd3 Qc7 14. Be3 Bxe3
15. Qxe3 Rfe8 16. Qd2 Rad8 17. Rfe1 Be6 18. b3 d5 19. cxd5 Nxd5 20. Nxd5 Rxd5
21. Nd4 Rd6 22. Nxe6 Rexe6 23. Rxe6 Rxe6 24. Rd1 h6 25. Qd8+ Qxd8 26. Rxd8+ Kh7
27. Rd7 Re1+ 28. Bf1 b5 29. Kg2 Kg6 30. Ra7 Rc1 31. Rxa5 Rc3 32. b4 f5 33. a4
bxa4 34. Rxa4 Rb3 35. Ra6 Rxb4 36. Rxc6+ Kf7 37. h4 Rd4 38. Be2 f4 39. Rc4 Rxc4
40. Bxc4+ Kf6 41. gxf4 1-0

[Event "III Festival Terre degli Elimi A"]
[Site "Erice ITA"]
[Date "2012.07.27"]
[Round "3"]
[White "Grasso, Gaetano"]
[Black "Bocci, Alessandro"]
[WhiteElo "2032"]
[BlackElo "1905"]
[Result "1-0"]
[PlyCount "41"]
[EventDate "2012.07.25"]

1. b4 Nf6 2. Bb2 d6 3. c4 e5 4. e3 g6 5. d4 exd4 6. exd4 Qe7+ 7. Be2 Bg7 8. Nf3
O-O 9. O-O c6 10. Re1 d5 11. Bd3 Qd6 12. b5 Re8 13. Nbd2 Rxe1+ 14. Qxe1 dxc4
15. Nxc4 Qe6 16. Nce5 h6 17. bxc6 bxc6 18. Qa5 Nbd7 19. Bc4 Nd5 20. Nxc6 N7b6
21. Bxd5 1-0

[Event "III Festival Terre degli Elimi A"]
[Site "Erice ITA"]
[Date "2012.07.27"]
[Round "3"]
[White "La Franca, Vincenzo"]
[Black "Galante, Carlotta"]
[WhiteElo "1637"]
[BlackElo "1419"]
[Result "1-0"]
[PlyCount "83"]
[EventDate "2012.07.25"]

1. d4 d5 2. Nf3 Nf6 3. e3 Bg4 4. h3 Bh5 5. g4 Bg6 6. Ne5 e6 7. h4 h5 8. Nxg6
fxg6 9. g5 Ne4 10. Nd2 Nxd2 11. Bxd2 Nc6 12. Bd3 Qd7 13. Bxg6+ Ke7 14. Qf3 Kd8
15. Bxh5 Nb4 16. Bxb4 Bxb4+ 17. c3 Bd6 18. Qf7 Qxf7 19. Bxf7 Ke7 20. g6 c5 21.
Ke2 cxd4 22. exd4 b5 23. Kd3 a5 24. Rae1 Kd7 25. Bxe6+ Kc6 26. Bf7 b4 27. c4
dxc4+ 28. Bxc4 Rh5 29. Re4 Rf5 30. Ke2 Raf8 31. Bf7 Kb5 32. Rc1 Rf4 33. Rxf4
Bxf4 34. Rc5+ Kb6 35. Rf5 Bc1 36. b3 Bb2 37. Rf4 Rd8 38. d5 Bf6 39. h5 Rc8 40.
Rc4 Rh8 41. Rc6+ Kb7 42. Rxf6 1-0

[Event "III Festival Terre degli Elimi A"]
[Site "Erice ITA"]
[Date "2012.07.27"]
[Round "3"]
[White "Lo Piccolo, Antonino"]
[Black "Monaco, Alessandro"]
[WhiteElo "1862"]
[BlackElo "1700"]
[Result "1/2-1/2"]
[PlyCount "78"]
[EventDate "2012.07.25"]

1. d4 d5 2. c4 e6 3. Nc3 a6 4. cxd5 exd5 5. Nf3 c6 6. Bf4 Bd6 7. Bxd6 Qxd6 8.
e3 Bf5 9. Be2 Nd7 10. O-O Ngf6 11. Rc1 O-O 12. a3 Rfe8 13. Na4 Bg4 14. h3 Bxf3
15. Bxf3 Ne4 16. Qd3 f5 17. b4 Qg6 18. Qe2 Ndf6 19. Nc5 Nxc5 20. bxc5 f4 21.
Rb1 Re7 22. Rb3 fxe3 23. fxe3 Ne4 24. Bxe4 Qxe4 25. Qf2 Qe6 26. Qf4 Qd7 27. Rb2
Re6 28. Qf5 Rae8 29. Rbf2 Qe7 30. Rf3 Rxe3 31. Kh2 Rxf3 32. Rxf3 Rf8 33. Qg4
Qc7+ 34. Kg1 Rxf3 35. Qxf3 b6 36. Qe2 h6 37. Qxa6 bxc5 38. dxc5 Qe7 39. Qxc6
Qe1+ 1/2-1/2

[Event "III Festival Terre degli Elimi A"]
[Site "Erice ITA"]
[Date "2012.07.27"]
[Round "3"]
[White "Mancuso, Fabrizio"]
[Black "Meo, Antonino"]
[WhiteElo "1630"]
[BlackElo "1646"]
[Result "1/2-1/2"]
[PlyCount "80"]
[EventDate "2012.07.25"]

1. d4 e6 2. Nf3 f5 3. e3 Nf6 4. Nbd2 Be7 5. Bd3 O-O 6. O-O Nc6 7. b3 b6 8. Bb2
Nb4 9. Be2 c5 10. a3 Nc6 11. c4 Bb7 12. Qc2 Qe8 13. Rfe1 Qg6 14. h3 Ne4 15.
Rad1 Ng5 16. Nxg5 Qxg5 17. Nf3 Qh6 18. dxc5 Bxc5 19. Rxd7 Rf7 20. Red1 Raf8 21.
Rxf7 Rxf7 22. b4 Be7 23. Rd7 Bf6 24. Rxf7 Kxf7 25. Bxf6 Qxf6 26. Qd1 Qe7 27.
Nd2 Ne5 28. f4 Ng6 29. Bf3 Nh4 30. Bxb7 Qxb7 31. Nf3 Nxf3+ 32. Qxf3 Qd7 33.
Qh5+ Kg8 34. Qf3 Qd3 35. Qa8+ Kf7 36. Qxa7+ Kf6 37. Qxb6 Qxa3 38. Qd8+ Kg6 39.
Qe8+ Kf6 40. Qf8+ Kg6 1/2-1/2

[Event "III Festival Terre degli Elimi A"]
[Site "Erice ITA"]
[Date "2012.07.27"]
[Round "3"]
[White "Marzaduri, Riccardo"]
[Black "Melograni, Francesco"]
[WhiteElo "1846"]
[BlackElo "1889"]
[Result "1-0"]
[PlyCount "63"]
[EventDate "2012.07.25"]

1. e4 e6 2. d4 d5 3. Nc3 Bb4 4. e5 c5 5. a3 Bxc3+ 6. bxc3 Qa5 7. Bd2 Qa4 8. Qg4
Ne7 9. Qxg7 Rg8 10. Qxh7 cxd4 11. Ne2 Nbc6 12. f4 Bd7 13. Qd3 Nf5 14. g4 Ne3
15. Bxe3 dxe3 16. h3 Na5 17. Qxe3 Qxc2 18. Nd4 Qb2 19. Qc1 Qxc1+ 20. Rxc1 a6
21. g5 Ke7 22. h4 Rac8 23. h5 b5 24. Kd2 Nc4+ 25. Bxc4 Rxc4 26. h6 Rb8 27. Rhg1
Rcc8 28. g6 fxg6 29. Rxg6 Rg8 30. Rcg1 Rxg6 31. Rxg6 Rh8 32. Rg7+ 1-0

[Event "III Festival Terre degli Elimi A"]
[Site "Erice ITA"]
[Date "2012.07.27"]
[Round "3"]
[White "Messina, Damiano"]
[Black "Gelardi, Davide"]
[WhiteElo "1939"]
[BlackElo "1731"]
[Result "1/2-1/2"]
[PlyCount "100"]
[EventDate "2012.07.25"]

1. d4 e6 2. c4 Nf6 3. Nf3 c5 4. e3 b6 5. Be2 Bb7 6. O-O Ne4 7. b3 Be7 8. Bb2
O-O 9. d5 Bf6 10. Ne5 Qc7 11. f4 exd5 12. cxd5 Qd6 13. Bf3 Qxd5 14. Qxd5 Bxd5
15. Nd2 Nxd2 16. Bxd5 Nxf1 17. Rxf1 Bxe5 18. Bxe5 Nc6 19. Bd6 Rfe8 20. Kf2 Rac8
21. a3 Na5 22. Rc1 b5 23. Rxc5 Rxc5 24. Bxc5 a6 25. Ke2 Rc8 26. b4 Nc6 27. e4
a5 28. e5 g6 29. g4 axb4 30. axb4 Ra8 31. f5 gxf5 32. gxf5 Ra4 33. e6 fxe6 34.
fxe6 dxe6 35. Bxc6 Ra2+ 36. Kf3 Rxh2 37. Bxb5 Kf7 38. Bd3 Ke8 39. b5 Kd7 40.
Be4 Rh5 41. Bc6+ Kc7 42. Be3 Rf5+ 43. Ke4 h5 44. Be8 h4 45. b6+ Kb7 46. Bd7 Rf1
47. Bxe6 h3 48. Bxh3 Rb1 49. Be6 Rxb6 50. Bd5+ Ka6 1/2-1/2

[Event "III Festival Terre degli Elimi A"]
[Site "Erice ITA"]
[Date "2012.07.27"]
[Round "3"]
[White "Piazza, Francesco"]
[Black "Todaro, Adriano"]
[WhiteElo "1655"]
[BlackElo "1550"]
[Result "0-1"]
[PlyCount "116"]
[EventDate "2012.07.25"]

1. d4 Nf6 2. Nf3 e6 3. Nbd2 c5 4. e3 Nc6 5. c3 b6 6. Bd3 Bb7 7. O-O Be7 8. e4
O-O 9. Re1 Ne8 10. Nb3 cxd4 11. cxd4 f5 12. exf5 exf5 13. Bf4 Rc8 14. Nbd2 Nb4
15. Bb1 Nd5 16. Qb3 Kh8 17. Ne5 Nxf4 18. Nf7+ Rxf7 19. Qxf7 Bb4 20. Bxf5 Nd6
21. Qxd7 Bxd2 22. Re7 Nxf5 23. Qxd8+ Rxd8 24. Rxb7 Ra8 25. Rd1 Bc1 26. d5 Bxb2
27. d6 Bf6 28. g4 Ne2+ 29. Kf1 Nfd4 30. Rd3 Bg5 31. d7 h6 32. Ra3 Kh7 33. Raxa7
Rxa7 34. Rxa7 Nc6 35. Rb7 Bd8 36. Kxe2 Kg6 37. Ke3 Kf6 38. a3 Ne5 39. h3 Nc4+
40. Ke4 Nd6+ 41. Kd5 Nxb7 42. f4 Na5 43. h4 Ke7 44. g5 hxg5 45. hxg5 Kxd7 46.
Ke5 Nc4+ 47. Kf5 Nxa3 48. Kg6 b5 49. Kxg7 Ke6 50. Kg6 Bb6 51. f5+ Ke7 52. Kg7
Bd4+ 53. f6+ Ke8 54. Kg8 Bc5 55. g6 Nc4 56. f7+ Kd7 57. f8=Q Bxf8 58. Kxf8 Ne5
0-1

[Event "III Festival Terre degli Elimi A"]
[Site "Erice ITA"]
[Date "2012.07.27"]
[Round "3"]
[White "Savalla, Gianluca"]
[Black "Wallace, Mitchel"]
[WhiteElo "1572"]
[BlackElo "1852"]
[Result "1-0"]
[PlyCount "73"]
[EventDate "2012.07.25"]

1. d4 d6 2. e4 Nf6 3. Bd3 Nbd7 4. Nf3 e5 5. c3 Be7 6. Nbd2 c6 7. O-O Qc7 8. Re1
h6 9. h3 Nf8 10. a3 a5 11. Qc2 g5 12. dxe5 dxe5 13. Nf1 Ng6 14. Ng3 Nf4 15. Bc4
Kf8 16. Rd1 Bc5 17. Qd2 N4h5 18. Nxh5 Nxh5 19. Qd8+ Qxd8 20. Rxd8+ Kg7 21. Rxh8
Kxh8 22. Nxe5 Be6 23. Nxf7+ Bxf7 24. Bxf7 Ng3 25. e5 Kg7 26. e6 Ne4 27. Be3
Bxe3 28. fxe3 Nf6 29. Rf1 Rf8 30. g4 a4 31. Rf3 b5 32. Kg2 Ne8 33. Bh5 Rxf3 34.
Kxf3 Kf8 35. Bxe8 Kxe8 36. Ke4 Ke7 37. Ke5 1-0

[Event "III Festival Terre degli Elimi A"]
[Site "Erice ITA"]
[Date "2012.07.27"]
[Round "3"]
[White "Savalla, Pietro"]
[Black "Rizza, Francesco"]
[WhiteElo "1834"]
[BlackElo "2039"]
[Result "1-0"]
[PlyCount "111"]
[EventDate "2012.07.25"]

1. d4 Nf6 2. Nf3 g6 3. Nbd2 d5 4. e3 Bg7 5. Bd3 O-O 6. O-O Nbd7 7. e4 dxe4 8.
Nxe4 Nxe4 9. Bxe4 c5 10. Be3 Nf6 11. Bd3 Nd5 12. c3 Nxe3 13. fxe3 Qc7 14. Qe2
Bd7 15. Bb5 Rfd8 16. Bxd7 Rxd7 17. Qc4 e6 18. Qxc5 Qxc5 19. dxc5 Rd5 20. Rad1
Rad8 21. Rxd5 Rxd5 22. Kf2 Rxc5 23. Rd1 Kf8 24. Rd7 Rb5 25. Rd2 Ke7 26. Nd4 Ra5
27. a3 Be5 28. h3 Bc7 29. Nb3 Rb5 30. Nd4 Rd5 31. Nf3 Rc5 32. Nd4 f5 33. Nb3
Rb5 34. Nd4 Rd5 35. Nb3 Kd6 36. Ke2 b5 37. Nd4 a6 38. b3 Ba5 39. Rd3 e5 40. c4
Rc5 41. b4 Rxc4 42. Nb3+ Ke6 43. Nxa5 Rc2+ 44. Rd2 Rc3 45. Ra2 Kd5 46. Kd2 Rc7
47. Nb3 Rd7 48. Nc5 Rd6 49. Ke2 Rc6 50. Kd3 a5 51. Kc3 axb4+ 52. axb4 e4 53.
Ra7 h6 54. Rb7 Rf6 55. Rxb5 Kc6 56. Rb6+ 1-0

[Event "III Festival Terre degli Elimi A"]
[Site "Erice ITA"]
[Date "2012.07.27"]
[Round "3"]
[White "Valguarnera, Girolamo"]
[Black "Piazza, Dario"]
[WhiteElo "2118"]
[BlackElo "1829"]
[Result "1-0"]
[PlyCount "69"]
[EventDate "2012.07.25"]

1. e4 d5 2. exd5 Qxd5 3. Nc3 Qa5 4. d4 Nf6 5. Bc4 c6 6. Bd2 Bf5 7. Nf3 e6 8.
O-O Bb4 9. a3 Bxc3 10. Bxc3 Qc7 11. Re1 O-O 12. Qe2 Nbd7 13. Rad1 a5 14. Ne5
Nxe5 15. dxe5 Nd5 16. Bd2 b5 17. Ba2 Qb7 18. Bb1 Nb6 19. Bc1 Rfd8 20. g4 Bg6
21. h4 h6 22. h5 Bh7 23. g5 hxg5 24. Bxg5 Rxd1 25. Rxd1 Nc4 26. Qg4 Nxe5 27.
Qg3 Bf5 28. Re1 Kh7 29. Rxe5 f6 30. Rxf5 exf5 31. Bf4 Qd7 32. Qg6+ Kh8 33. h6
Qd1+ 34. Kh2 Qg4 35. hxg7+ 1-0

[Event "III Festival Terre degli Elimi A"]
[Site "Erice ITA"]
[Date "2012.07.27"]
[Round "3"]
[White "Van Veenendaal, Elmer"]
[Black "Ljubisavljevic, Zivojin Z."]
[WhiteElo "2096"]
[BlackElo "2246"]
[Result "1-0"]
[PlyCount "109"]
[EventDate "2012.07.25"]

1. e4 c6 2. d4 d5 3. Nc3 dxe4 4. Nxe4 Nf6 5. Nxf6+ gxf6 6. Bc4 Bf5 7. Ne2 h5 8.
Ng3 Bg4 9. f3 Be6 10. Bxe6 fxe6 11. Qd3 Kf7 12. Bf4 Bh6 13. Bxh6 Rxh6 14. O-O-O
Nd7 15. Rhe1 Nf8 16. Ne4 Qd5 17. Kb1 h4 18. c4 Qf5 19. g4 hxg3 20. hxg3 Rd8 21.
Qe3 Rh3 22. g4 Qg6 23. Ka1 b6 24. Qf4 c5 25. dxc5 Rxd1+ 26. Rxd1 e5 27. Qd2
bxc5 28. Nxc5 Kg7 29. Qg2 Rh8 30. a3 Qg5 31. Ne4 Qe3 32. Qf2 Qb3 33. Rc1 Qb7
34. c5 Ne6 35. c6 Qb6 36. Qxb6 axb6 37. Ka2 Rc8 38. Rc3 Rc7 39. b4 Nd4 40. Nd2
Rxc6 41. Rxc6 Nxc6 42. Kb3 b5 43. a4 Nd4+ 44. Ka3 Kg6 45. axb5 Nxb5+ 46. Ka4
Nc3+ 47. Kb3 Nb5 48. Kc4 Nd4 49. b5 Kg5 50. b6 Kf4 51. Kd5 Nb5 52. b7 Nc7+ 53.
Kc5 Na6+ 54. Kb6 Nb8 55. Ne4 {(...)} 1-0

[Event "III Festival Terre degli Elimi A"]
[Site "Erice ITA"]
[Date "2012.07.28"]
[Round "4"]
[White "Bocci, Alessandro"]
[Black "Monaco, Alessandro"]
[WhiteElo "1905"]
[BlackElo "1700"]
[Result "1-0"]
[PlyCount "83"]
[EventDate "2012.07.25"]

1. d4 d5 2. c4 e6 3. Nf3 a6 4. cxd5 exd5 5. Nc3 c6 6. Bf4 Bd6 7. Bg3 Bf5 8. e3
Nf6 9. Bd3 Bxd3 10. Qxd3 Qe7 11. O-O Nbd7 12. Rab1 Bxg3 13. hxg3 Ne4 14. b4
Ndf6 15. a4 b5 16. Ne5 Rc8 17. Rfc1 Qe6 18. axb5 cxb5 19. Nxd5 Rxc1+ 20. Rxc1
Nxd5 21. Qxe4 O-O 22. Rc6 Nf6 23. Rxe6 Nxe4 24. Rxa6 f6 25. Nd7 Rd8 26. Nc5 Nc3
27. Ra7 Rb8 28. g4 Nd5 29. Rb7 Rxb7 30. Nxb7 Kf8 31. Kf1 Ke7 32. Ke2 Nxb4 33.
Nc5 Kd6 34. Nd3 Nc6 35. Kd2 Kd5 36. Kc3 h6 37. Nb4+ Nxb4 38. Kxb4 Kc6 39. f4 g6
40. e4 h5 41. gxh5 gxh5 42. g3 1-0

[Event "III Festival Terre degli Elimi A"]
[Site "Erice ITA"]
[Date "2012.07.28"]
[Round "4"]
[White "Brunello, Marina"]
[Black "Amato, Andrea"]
[WhiteElo "2240"]
[BlackElo "2263"]
[Result "1/2-1/2"]
[PlyCount "23"]
[EventDate "2012.07.25"]

1. e4 c5 2. Nf3 d6 3. d4 cxd4 4. Qxd4 Bd7 5. Be2 Nc6 6. Qe3 Nf6 7. O-O g6 8.
Rd1 Bg7 9. c4 O-O 10. Nc3 Rc8 11. h3 a6 12. Rb1 1/2-1/2

[Event "III Festival Terre degli Elimi A"]
[Site "Erice ITA"]
[Date "2012.07.28"]
[Round "4"]
[White "Calamia, Gianpaolo"]
[Black "Marzaduri, Riccardo"]
[WhiteElo "1660"]
[BlackElo "1846"]
[Result "1/2-1/2"]
[PlyCount "29"]
[EventDate "2012.07.25"]

1. e4 d5 2. exd5 Qxd5 3. Nc3 Qa5 4. d3 Nf6 5. Nf3 c6 6. g3 Bg4 7. Bg2 e6 8. h3
Bf5 9. Bd2 Qc7 10. Qe2 Nbd7 11. O-O Bd6 12. Rab1 O-O 13. Nh4 Ne5 14. Nxf5 exf5
15. f4 1/2-1/2

[Event "III Festival Terre degli Elimi A"]
[Site "Erice ITA"]
[Date "2012.07.28"]
[Round "4"]
[White "Campo, Renato"]
[Black "Bifulco, Michel"]
[WhiteElo "2000"]
[BlackElo "2040"]
[Result "0-1"]
[PlyCount "38"]
[EventDate "2012.07.25"]

1. e4 e6 2. d4 d5 3. Nc3 Bb4 4. exd5 exd5 5. a3 Ba5 6. Qf3 Ne7 7. Bd3 Nbc6 8.
Nge2 Be6 9. Be3 Qd7 10. O-O Bg4 11. Qg3 O-O-O 12. h3 Bf5 13. Nf4 h5 14. Na4 Bb6
15. Nxb6+ axb6 16. a4 g5 17. Qxg5 Rdg8 18. Bxf5 Nxf5 19. Qf6 Rh6 0-1

[Event "III Festival Terre degli Elimi A"]
[Site "Erice ITA"]
[Date "2012.07.28"]
[Round "4"]
[White "Cannella, Simone"]
[Black "Dagnino, Marcello"]
[WhiteElo "1800"]
[BlackElo "1488"]
[Result "1-0"]
[PlyCount "87"]
[EventDate "2012.07.25"]

1. e4 c5 2. b3 e6 3. Bb2 Nc6 4. Bb5 Qc7 5. Bxc6 Qxc6 6. d3 Ne7 7. Nd2 d6 8. f4
Ng6 9. Ne2 Bd7 10. O-O Ne7 11. Ng3 Rg8 12. Qh5 h6 13. f5 e5 14. f6 g6 15. Qf3
Nc8 16. a4 a5 17. c4 Na7 18. Ne2 h5 19. h3 Bh6 20. Nb1 Be6 21. Nbc3 Qd7 22. Nd5
Bxd5 23. exd5 O-O-O 24. Nc3 Rh8 25. Bc1 Bxc1 26. Raxc1 Rdg8 27. Ne4 g5 28. Qf5
Qxf5 29. Rxf5 Kd7 30. Rxg5 Nc8 31. Rg7 Ke8 32. Rf1 Kf8 33. Rxg8+ Kxg8 34. Rf5
Rh6 35. Rg5+ Kf8 36. Kf2 Nb6 37. Rf5 Nd7 38. Nxd6 Rxf6 39. Rxf6 Nxf6 40. Nxb7
e4 41. dxe4 Nxe4+ 42. Ke3 f5 43. g4 hxg4 44. hxg4 1-0

[Event "III Festival Terre degli Elimi A"]
[Site "Erice ITA"]
[Date "2012.07.28"]
[Round "4"]
[White "Fabiano, Giuseppe"]
[Black "Palazzotto, Giuseppe"]
[WhiteElo "2113"]
[BlackElo "1893"]
[Result "0-1"]
[PlyCount "56"]
[EventDate "2012.07.25"]

1. e4 c5 2. Nf3 d6 3. d4 cxd4 4. Nxd4 Nf6 5. Nc3 g6 6. f4 Nc6 7. Nf3 Bg7 8. Bd3
O-O 9. O-O a6 10. Qe1 b5 11. Qh4 Na5 12. f5 Nc4 13. Kh1 Qb6 14. Ng5 h6 15. Nxf7
Kxf7 16. Nd5 Qd4 17. fxg6+ Ke8 18. Bxc4 Qxc4 19. Bxh6 Rh8 20. Bxg7 Rxh4 21.
Bxf6 exf6 22. Rxf6 Ra7 23. Raf1 Qxf1+ 24. Rxf1 Rg7 25. c3 Rh6 26. Nf6+ Kd8 27.
Nd5 Bb7 28. Rf8+ Kd7 0-1

[Event "III Festival Terre degli Elimi A"]
[Site "Erice ITA"]
[Date "2012.07.28"]
[Round "4"]
[White "Ferrante, Filippo"]
[Black "Galante, Benedetto"]
[WhiteElo "1583"]
[BlackElo "1657"]
[Result "1-0"]
[PlyCount "121"]
[EventDate "2012.07.25"]

1. c4 b6 2. Nc3 Bb7 3. d4 e6 4. a3 d6 5. e4 Be7 6. Bd3 f5 7. Qh5+ Kf8 8. Nf3
Nf6 9. Qh3 fxe4 10. Nxe4 Bxe4 11. Bxe4 Nxe4 12. Qxe6 Nf6 13. Bg5 Qd7 14. Qe2
Nc6 15. O-O Re8 16. d5 Na5 17. Qd3 Nb7 18. Nd4 Nc5 19. Qc2 Nfe4 20. Bxe7+ Rxe7
21. Nc6 Re8 22. Nxa7 Kf7 23. Rfe1 Rhf8 24. Nc6 Kg8 25. b4 Ra8 26. bxc5 Nxc5 27.
Re7 Qg4 28. h3 Qf4 29. Qc3 Rf7 30. Rxf7 Kxf7 31. Re1 Ne4 32. Qe3 Qxe3 33. Rxe3
Nd2 34. Re7+ Kg6 35. Rxc7 Nxc4 36. Ne7+ Kf6 37. Rxc4 Kxe7 38. Rc7+ Kf6 39. Rc6
Ke5 40. Rxb6 Rxa3 41. Rb7 Kf6 42. Rd7 Ra6 43. g4 h6 44. Kg2 g5 45. Rh7 Ke5 46.
Rxh6 Kxd5 47. Rg6 Ke4 48. Rxg5 Kf4 49. Rf5+ Ke4 50. f3+ Kd4 51. h4 d5 52. h5
Ke3 53. Rxd5 Kf4 54. Rd3 Ra2+ 55. Kf1 Kg3 56. Ke1 Kf4 57. Rd2 Ra3 58. h6 Kxf3
59. h7 Ra8 60. g5 Kg4 61. g6 1-0

[Event "III Festival Terre degli Elimi A"]
[Site "Erice ITA"]
[Date "2012.07.28"]
[Round "4"]
[White "Galante, Carlotta"]
[Black "Piazza, Francesco"]
[WhiteElo "1419"]
[BlackElo "1655"]
[Result "1/2-1/2"]
[PlyCount "94"]
[EventDate "2012.07.25"]

1. e4 d6 2. Nf3 Bg4 3. h3 Bh5 4. Be2 e5 5. O-O Nf6 6. Nc3 c6 7. d4 Nbd7 8. Bg5
h6 9. Bh4 g5 10. Bg3 Bxf3 11. Bxf3 h5 12. dxe5 dxe5 13. Qd3 g4 14. Be2 Qc7 15.
Rad1 O-O-O 16. Qc4 Rh7 17. b4 Be7 18. b5 c5 19. Nd5 Nxd5 20. exd5 Bd6 21. a4
gxh3 22. gxh3 Rg8 23. Kh1 f5 24. Rg1 Rhg7 25. Bh2 Nf6 26. Rxg7 Rxg7 27. Rg1 Ne4
28. Rxg7 Qxg7 29. Bg1 Qg5 30. Qd3 Kd7 31. Qf3 Nf6 32. Qg3 Nh7 33. Qxg5 Nxg5 34.
Kg2 h4 35. f3 f4 36. c4 Kc7 37. Bf2 e4 38. Bxh4 exf3+ 39. Bxf3 Nf7 40. Bf6 Ne5
41. Bxe5 Bxe5 42. Kf2 b6 43. Ke2 Kd6 44. Kd3 Ke7 45. Ke4 Kf6 46. h4 Bd6 47. h5
Kg5 1/2-1/2

[Event "III Festival Terre degli Elimi A"]
[Site "Erice ITA"]
[Date "2012.07.28"]
[Round "4"]
[White "Ganci, Fabrizio"]
[Black "D'Eredita', Elena"]
[WhiteElo "2156"]
[BlackElo "1634"]
[Result "1-0"]
[PlyCount "47"]
[EventDate "2012.07.25"]

1. d4 Nf6 2. Nf3 g6 3. Bg5 Bg7 4. Nbd2 d6 5. e4 Nbd7 6. Bc4 c5 7. e5 dxe5 8.
dxe5 Ng4 9. e6 Nde5 10. Nxe5 Nxe5 11. exf7+ Nxf7 12. Bxf7+ Kxf7 13. Qf3+ Bf6
14. O-O-O Qa5 15. Ne4 Rf8 16. Bxf6 exf6 17. Qxf6+ Kg8 18. Qe7 Bg4 19. Ng5 Rxf2
20. Qxh7+ Kf8 21. Qh8+ Ke7 22. Rhe1+ Re2 23. Qg7+ Ke8 24. Qf7# 1-0

[Event "III Festival Terre degli Elimi A"]
[Site "Erice ITA"]
[Date "2012.07.28"]
[Round "4"]
[White "Guramishvili, Sopiko"]
[Black "Epishin, Vladimir V."]
[WhiteElo "2400"]
[BlackElo "2567"]
[Result "1/2-1/2"]
[PlyCount "75"]
[EventDate "2012.07.25"]

1. d4 Nf6 2. c4 e6 3. Nf3 d5 4. cxd5 exd5 5. Nc3 h6 6. Bf4 c6 7. Qc2 Be6 8. h3
Nbd7 9. e3 Rc8 10. Bd3 Be7 11. O-O O-O 12. Ne5 c5 13. Bf5 cxd4 14. exd4 Nxe5
15. Bxe5 Bb4 16. Bxe6 fxe6 17. Qa4 Bxc3 18. bxc3 a6 19. Qb3 Rf7 20. Bxf6 Qxf6
21. Rae1 Rc6 22. Re3 Qf4 23. Qb2 Qc7 24. Rfe1 Rf6 25. a4 Rb6 26. Qc2 Qc4 27. a5
Rd6 28. Rb1 Qc8 29. Rb4 Rc6 30. Rg3 Rf7 31. Qb2 Qc7 32. Re3 Qxa5 33. Rxb7 Rxb7
34. Qxb7 Rxc3 35. Rxe6 Rc1+ 36. Kh2 Qc7+ 37. Qxc7 Rxc7 38. Rxa6 1/2-1/2

[Event "III Festival Terre degli Elimi A"]
[Site "Erice ITA"]
[Date "2012.07.28"]
[Round "4"]
[White "Ljubisavljevic, Zivojin Z."]
[Black "Lo Piccolo, Antonino"]
[WhiteElo "2246"]
[BlackElo "1862"]
[Result "1-0"]
[PlyCount "137"]
[EventDate "2012.07.25"]

1. e4 e5 2. Nf3 Nc6 3. Nc3 Nf6 4. d4 exd4 5. Nxd4 Bb4 6. Nxc6 bxc6 7. Bd3 d5 8.
exd5 cxd5 9. O-O O-O 10. Bg5 c6 11. Qf3 Bd6 12. Bxf6 Qxf6 13. Qxf6 gxf6 14. Ne2
Rb8 15. b3 Re8 16. Rad1 Bg4 17. f3 Bc5+ 18. Kh1 Bd7 19. Ng3 Bf8 20. Nh5 Bg7 21.
c4 Bh8 22. h3 Re5 23. Ng3 Rbe8 24. f4 Re3 25. Kh2 f5 26. cxd5 cxd5 27. Bxf5
Bxf5 28. Nxf5 Re2 29. Rxd5 Rxa2 30. Rf3 Bf6 31. Rd6 Re6 32. Rfd3 h5 33. Rd7 h4
34. Rd2 Rxd2 35. Rxd2 Re4 36. Rd6 Bc3 37. Nxh4 Rxf4 38. Nf3 Rb4 39. Ra6 Rxb3
40. Rxa7 Bb4 41. h4 Bd6+ 42. Kh3 Kg7 43. Ra6 Be5 44. Ra4 Bd6 45. Ra6 Be5 46.
Ra5 Bd6 47. Rf5 Kg6 48. g4 f6 49. h5+ Kg7 50. Kh4 Rb1 51. g5 Rb4+ 52. Kh3 fxg5
53. Rxg5+ Kh7 54. Rd5 Rb3 55. Kg4 Rb4+ 56. Kg5 Bf8 57. Rd7+ Kg8 58. Nd4 Rb1 59.
Nf5 Rg1+ 60. Kf6 Rh1 61. Rd8 Rxh5 62. Kg6 Rxf5 63. Kxf5 Kf7 64. Rd7+ Be7 65.
Rb7 Kf8 66. Ke6 Bc5 67. Rf7+ Kg8 68. Kf6 Bd4+ 69. Kg6 1-0

[Event "III Festival Terre degli Elimi A"]
[Site "Erice ITA"]
[Date "2012.07.28"]
[Round "4"]
[White "Lorito, Francesco"]
[Black "Savalla, Gianluca"]
[WhiteElo "1749"]
[BlackElo "1572"]
[Result "1-0"]
[PlyCount "89"]
[EventDate "2012.07.25"]

1. b3 e5 2. Bb2 Nc6 3. c4 Nf6 4. e3 d6 5. Nf3 Be7 6. Be2 O-O 7. O-O Bf5 8. a3
Qd7 9. d3 Rfe8 10. Nbd2 Rad8 11. b4 a6 12. Rc1 Bf8 13. Qc2 Rc8 14. Rfd1 Ne7 15.
e4 Be6 16. d4 exd4 17. Nxd4 Ng6 18. Nxe6 Qxe6 19. Re1 c6 20. g3 Ne5 21. Bf1
Rcd8 22. Bg2 c5 23. bxc5 dxc5 24. Bxe5 Qxe5 25. Nf3 Qe7 26. Rb1 Rb8 27. e5 Ng4
28. h3 Nh6 29. Nd2 Red8 30. f4 Qd7 31. Ne4 Nf5 32. Red1 Nd4 33. Qd3 h6 34. Nc3
b6 35. Kh2 g6 36. Bd5 Qe7 37. Qxg6+ Kh8 38. Bxf7 Bg7 39. Bd5 Rf8 40. Be4 Kg8
41. Nd5 Qe6 42. Nf6+ Rxf6 43. exf6 Qxf6 44. Bd5+ Kf8 45. Qh7 1-0

[Event "III Festival Terre degli Elimi A"]
[Site "Erice ITA"]
[Date "2012.07.28"]
[Round "4"]
[White "Marzaduri, Marco R."]
[Black "Ferrante, Marco"]
[WhiteElo "1845"]
[BlackElo "2190"]
[Result "0-1"]
[PlyCount "44"]
[EventDate "2012.07.25"]

1. e4 d5 2. exd5 Qxd5 3. Nf3 Bg4 4. Nc3 Qa5 5. Be2 Nc6 6. O-O Nf6 7. d3 e6 8.
h3 Bh5 9. g4 Bg6 10. Nd2 h5 11. Nc4 Qb4 12. a3 Qe7 13. g5 Nd5 14. Nxd5 exd5 15.
Re1 Nd4 16. Bxh5 Bxh5 17. Rxe7+ Bxe7 18. Qf1 Be2 19. Qg2 Bf3 20. Qh2 dxc4 21.
Bd2 Ne2+ 22. Kf1 Bd6 0-1

[Event "III Festival Terre degli Elimi A"]
[Site "Erice ITA"]
[Date "2012.07.28"]
[Round "4"]
[White "Melograni, Francesco"]
[Black "La Franca, Vincenzo"]
[WhiteElo "1889"]
[BlackElo "1637"]
[Result "1/2-1/2"]
[PlyCount "76"]
[EventDate "2012.07.25"]

1. e4 Nf6 2. e5 Nd5 3. d4 d6 4. c4 Nb6 5. exd6 exd6 6. b3 g6 7. Bb2 Bg7 8. Nf3
O-O 9. Be2 Nc6 10. Qd2 Qf6 11. Na3 a6 12. O-O Re8 13. Rab1 Bf5 14. Bd3 Bxd3 15.
Qxd3 Qe7 16. Rfe1 Qf8 17. Nc2 Rxe1+ 18. Rxe1 Re8 19. Re3 Rxe3 20. fxe3 Qe8 21.
e4 Nd7 22. Ba3 Nf6 23. Nd2 Bh6 24. Ne3 Qd7 25. h3 Nh5 26. Ng4 Bg7 27. Nf3 f5
28. exf5 Qxf5 29. Qxf5 gxf5 30. d5 Nd4 31. Nxd4 Bxd4+ 32. Nf2 Ng3 33. Bb4 Kf7
34. Be1 Ne4 35. Kf1 Ng3+ 36. Kg1 Ne4 37. Kf1 Ng3+ 38. Kg1 Ne4 1/2-1/2

[Event "III Festival Terre degli Elimi A"]
[Site "Erice ITA"]
[Date "2012.07.28"]
[Round "4"]
[White "Meo, Antonino"]
[Black "Ferro, Ferruccio"]
[WhiteElo "1646"]
[BlackElo "1714"]
[Result "0-1"]
[PlyCount "44"]
[EventDate "2012.07.25"]

1. e4 b6 2. d4 e6 3. Bd3 Bb7 4. Nf3 c5 5. c3 Nf6 6. Bg5 Be7 7. O-O Nxe4 8. Bxe7
Qxe7 9. Re1 Nf6 10. Nbd2 O-O 11. dxc5 Qxc5 12. Re5 Qc7 13. Rg5 h6 14. Rg3 Nh5
15. Rg4 f5 16. Rh4 Nf4 17. Nc4 Nc6 18. Qd2 e5 19. Nfxe5 Nxg2 20. Nxc6 Nxh4 21.
N6e5 d6 22. Nxd6 Kh7 0-1